[Event "Titled Tuesday intern op 15th Aug Early"]
[Site "Chess.com INT"]
[Date "2023.08.15"]
[Round "9"]
[White "Rodchenkov, Sergey D"]
[Black "Belov, Alexei"]
[Result "0-1"]
[WhiteElo "2346"]
[BlackElo "2421"]
[PlyCount "58"]
[EventDate "2023.08.15"]
[EventType "swiss (blitz)"]
[EventRounds "11"]
[EventCountry "USA"]
[SourceTitle "EXT 2024"]
[Source "ChessBase"]
[SourceDate "2023.10.10"]
[SourceVersion "1"]
[SourceVersionDate "2023.10.10"]
[SourceQuality "1"]

1. e4 e6 2. d4 d5 3. Nc3 Nf6 4. e5 Ne4 5. Nxe4 dxe4 6. Bc4 a6 7. a4 b6 8. d5 Bb7 9. dxe6 Qxd1+ 10. Kxd1 fxe6 11. Bf4 Bd5 12. Bf1 Nd7 13. Kc1 Bc5 14. Nh3 0-0 15. c3 Bxf2 16. Kc2 e3 17. Bg3 Be4+ 18. Kb3 Bxg3 19. hxg3 Nxe5 20. Re1 Rxf1 21. Rhxf1 Bxg2 22. Rf4 Bxh3 23. Rxe3 Ng6 24. Rd4 e5 25. Rd2 Kf7 26. Ka3 Bg4 27. b4 a5 28. b5 Ke7 29. c4 Rd8 0-1

[Event "Titled Tuesday intern op 08th Aug Early"]
[Site "Chess.com INT"]
[Date "2023.08.08"]
[Round "10"]
[White "Rodchenkov, Sergey D"]
[Black "Toropov, Pavel"]
[Result "1-0"]
[WhiteElo "2346"]
[BlackElo "2336"]
[PlyCount "61"]
[EventDate "2023.08.08"]
[EventType "swiss (blitz)"]
[EventRounds "11"]
[EventCountry "USA"]
[SourceTitle "EXT 2024"]
[Source "ChessBase"]
[SourceDate "2023.10.10"]
[SourceVersion "1"]
[SourceVersionDate "2023.10.10"]
[SourceQuality "1"]

1. e4 e6 2. d4 d5 3. Nc3 dxe4 4. Nxe4 Nd7 5. Nf3 Ngf6 6. Bd3 Nxe4 7. Bxe4 Nf6 8. Bd3 b6 9. a4 Bb7 10. a5 a6 11. axb6 cxb6 12. Qe2 Be7 13. 0-0 0-0 14. c3 b5 15. Ne5 Qd5 16. f4 Rfc8 17. Be3 g6 18. Rae1 Nd7 19. Rf3 Nb6 20. Rh3 f5 21. Bc1 Nc4 22. Nf3 Nd6 23. Qxe6+ Qxe6 24. Rxe6 Bf8 25. Ng5 Bd5 26. Re5 Bc4 27. Bc2 h6 28. Ne6 Bxe6 29. Rxe6 Kf7 30. Rhe3 Nc4 31. Re1 1-0

[Event "Titled Tuesday intern op 08th Aug Early"]
[Site "Chess.com INT"]
[Date "2023.08.08"]
[Round "6"]
[White "Rodchenkov, Sergey D"]
[Black "Yuruultei, Batbaatar"]
[Result "1-0"]
[WhiteElo "2346"]
[BlackElo "1433"]
[PlyCount "57"]
[EventDate "2023.08.08"]
[EventType "swiss (blitz)"]
[EventRounds "11"]
[EventCountry "USA"]
[SourceTitle "EXT 2024"]
[Source "ChessBase"]
[SourceDate "2023.10.10"]
[SourceVersion "1"]
[SourceVersionDate "2023.10.10"]
[SourceQuality "1"]

1. e4 c5 2. Nf3 e6 3. d4 cxd4 4. Nxd4 Nc6 5. Nc3 a6 6. a3 Nf6 7. Be3 Qc7 8. f4 d6 9. Qf3 Bd7 10. 0-0-0 Be7 11. Nxc6 Bxc6 12. g4 b5 13. g5 Nd7 14. h4 Qb7 15. h5 a5 16. Nd5 Bxd5 17. exd5 b4 18. a4 0-0 19. g6 Bf6 20. Qg2 exd5 21. gxf7+ Kh8 22. h6 g6 23. Qxd5 Qc8 24. Bh3 b3 25. Rh2 Rb8 26. Bd4 bxc2 27. Rxc2 Qd8 28. Bxd7 Bxd4 29. Qxd4+ 1-0

[Event "Titled Tuesday intern op 01st Aug Early"]
[Site "Chess.com INT"]
[Date "2023.08.01"]
[Round "6"]
[White "Rodchenkov, Sergey D"]
[Black "Buscar, Michael"]
[Result "0-1"]
[WhiteElo "2346"]
[BlackElo "2041"]
[PlyCount "130"]
[EventDate "2023.08.01"]
[EventType "swiss (blitz)"]
[EventRounds "11"]
[EventCountry "USA"]
[SourceTitle "EXT 2024"]
[Source "ChessBase"]
[SourceDate "2023.10.10"]
[SourceVersion "1"]
[SourceVersionDate "2023.10.10"]
[SourceQuality "1"]

1. e4 c5 2. Nf3 Nc6 3. d4 cxd4 4. Nxd4 Nf6 5. Nc3 e5 6. Ndb5 h6 7. Nd5 Nxd5 8. exd5 a6 9. Nc3 Nd4 10. Be3 Nf5 11. Qf3 Nxe3 12. fxe3 d6 13. Bd3 Qh4+ 14. g3 Qg4 15. Qf2 Be7 16. Be2 Qf5 17. Qxf5 Bxf5 18. Kd2 0-0 19. a4 Bd7 20. a5 Rac8 21. Rhf1 f5 22. b4 e4 23. Nd1 Bf6 24. c3 Be5 25. Ra3 g5 26. Nb2 Bb5 27. Bxb5 axb5 28. Nd1 f4 29. exf4 gxf4 30. gxf4 Bxf4+ 31. Ke2 Bxh2 32. Rh1 Bf4 33. Nf2 Rfe8 34. Ng4 Kg7 35. a6 bxa6 36. Rxa6 Rxc3 37. Ra7+ Kg6 38. Rg1 Rc2+ 39. Kf1 Rc1+ 40. Kg2 Rxg1+ 41. Kxg1 Kg5 42. Nf2 e3 43. Nd3 e2 44. Kf2 Bg3+ 45. Kxg3 Re3+ 46. Kf2 Rxd3 47. Kxe2 Rxd5 48. Rg7+ Kf6 49. Rg4 h5 50. Rh4 Kg5 51. Re4 Re5 52. Kf3 Rxe4 53. Kxe4 h4 54. Kd5 h3 55. Kxd6 h2 56. Kc5 h1Q 57. Kxb5 Qb7+ 58. Kc5 Kf6 59. b5 Ke7 60. b6 Kd7 61. Kb5 Kd6 62. Ka5 Kc6 63. Kb4 Qxb6+ 64. Ka3 Kc5 65. Ka4 Qb4# 0-1

[Event "Titled Tuesday intern op 01st Aug Early"]
[Site "Chess.com INT"]
[Date "2023.08.01"]
[Round "2"]
[White "Rodchenkov, Sergey D"]
[Black "Gueci, Tea"]
[Result "1-0"]
[WhiteElo "2346"]
[BlackElo "2217"]
[PlyCount "83"]
[EventDate "2023.08.01"]
[EventType "swiss (blitz)"]
[EventRounds "11"]
[EventCountry "USA"]
[SourceTitle "EXT 2024"]
[Source "ChessBase"]
[SourceDate "2023.10.10"]
[SourceVersion "1"]
[SourceVersionDate "2023.10.10"]
[SourceQuality "1"]

1. e4 c5 2. Nf3 e6 3. d4 cxd4 4. Nxd4 Nf6 5. Nc3 d6 6. g4 h6 7. h4 Nc6 8. Rg1 d5 9. Nxc6 bxc6 10. Bd3 Bb4 11. g5 Nxe4 12. Bxe4 dxe4 13. Qxd8+ Kxd8 14. Bd2 e3 15. Bxe3 e5 16. 0-0-0+ Kc7 17. gxh6 gxh6 18. Rg7 Be6 19. Ne4 Bf8 20. Rgg1 Be7 21. Bc5 Bxc5 22. Nxc5 Bf5 23. Rg7 Rhf8 24. Re1 Rae8 25. b4 Kb6 26. a4 a5 27. c3 Bg6 28. Nd7+ Kc7 29. Nxf8 Rxf8 30. Rxe5 axb4 31. cxb4 Kd6 32. Re3 Ra8 33. a5 c5 34. bxc5+ Kxc5 35. f4 Kd4 36. Re5 Rc8+ 37. Kd1 Rc3 38. Rg8 Ra3 39. Rd8+ Kc3 40. Re3+ Kb4 41. Rxa3 Kxa3 42. a6 1-0

[Event "Titled Tuesday intern op 01st Aug Early"]
[Site "Chess.com INT"]
[Date "2023.08.01"]
[Round "5"]
[White "Topalov, Aleksandar"]
[Black "Rodchenkov, Sergey D"]
[Result "1-0"]
[WhiteElo "2233"]
[BlackElo "2346"]
[PlyCount "153"]
[EventDate "2023.08.01"]
[EventType "swiss (blitz)"]
[EventRounds "11"]
[EventCountry "USA"]
[SourceTitle "EXT 2024"]
[Source "ChessBase"]
[SourceDate "2023.10.10"]
[SourceVersion "1"]
[SourceVersionDate "2023.10.10"]
[SourceQuality "1"]

1. b3 d5 2. Bb2 Nf6 3. Nf3 c6 4. g3 Bg4 5. Bg2 e6 6. 0-0 Be7 7. d3 Nbd7 8. Nbd2 0-0 9. c4 a5 10. a3 Bh5 11. Ra2 Bg6 12. Qa1 Qb6 13. Ne5 Nxe5 14. Bxe5 Rfe8 15. Rc1 Red8 16. Rac2 Ng4 17. Bd4 Bc5 18. Bxc5 Qxc5 19. Rf1 Qe7 20. h3 Nf6 21. Qb2 Nd7 22. b4 axb4 23. axb4 Ra4 24. Rb1 Rda8 25. b5 c5 26. Nf3 Qf6 27. Qxf6 gxf6 28. cxd5 exd5 29. Nh4 Rd4 30. Nf3 Rda4 31. Nh4 Ra2 32. Rxa2 Rxa2 33. Bxd5 Rxe2 34. Nxg6 hxg6 35. Bxb7 Rd2 36. Bc6 Nb6 37. Rc1 Rxd3 38. Rxc5 Kf8 39. Be4 Rd4 40. Bf3 Rd3 41. Be2 Rd2 42. Kf1 Rb2 43. Rc6 Nd5 44. Rc5 Nb6 45. h4 Ke7 46. Rc7+ Kf8 47. Rb7 Nd5 48. Bc4 Nc3 49. Rxf7+ Ke8 50. Rxf6 Rb4 51. Rc6 Kd7 52. g4 Ne4 53. Bd3 Nd6 54. h5 gxh5 55. gxh5 Rd4 56. Be2 Rh4 57. Rc5 Ne4 58. Rd5+ Kc7 59. Re5 Kb6 60. Kg2 Rf4 61. Re6+ Kc7 62. h6 Rxf2+ 63. Kg1 Rf4 64. h7 Rh4 65. Rxe4 Rxh7 66. Kf2 Kb6 67. Ke3 Rf7 68. Re6+ Ka7 69. Kd4 Rd7+ 70. Kc5 Rd2 71. Bc4 Rh2 72. Re7+ Kb8 73. Bd5 Rc2+ 74. Kb6 Rc8 75. Bc6 Rd8 76. Rb7+ Kc8 77. Ra7 1-0

[Event "Titled Tuesday intern op 01st Aug Early"]
[Site "Chess.com INT"]
[Date "2023.08.01"]
[Round "9"]
[White "Viskelis, Darius"]
[Black "Rodchenkov, Sergey D"]
[Result "0-1"]
[WhiteElo "2122"]
[BlackElo "2346"]
[PlyCount "40"]
[EventDate "2023.08.01"]
[EventType "swiss (blitz)"]
[EventRounds "11"]
[EventCountry "USA"]
[SourceTitle "EXT 2024"]
[Source "ChessBase"]
[SourceDate "2023.10.10"]
[SourceVersion "1"]
[SourceVersionDate "2023.10.10"]
[SourceQuality "1"]

1. e4 c5 2. Nf3 d6 3. Bb5+ Nd7 4. c3 Ngf6 5. Bd3 e6 6. 0-0 a6 7. Bc2 b5 8. d4 Be7 9. a4 Bb7 10. Re1 0-0 11. Nbd2 Rc8 12. Nf1 Nb6 13. axb5 axb5 14. Qe2 b4 15. Bg5 Nh5 16. Bxe7 Qxe7 17. dxc5 dxc5 18. Ne5 Qg5 19. Nc4 Nf4 20. Qd1 Qxg2# 0-1

[Event "Titled Tuesday intern op 25th Jul Early"]
[Site "Chess.com INT"]
[Date "2023.07.25"]
[Round "3"]
[White "Makhmudov, Shukhrat"]
[Black "Rodchenkov, Sergey D"]
[Result "0-1"]
[WhiteElo "2115"]
[BlackElo "2346"]
[PlyCount "92"]
[EventDate "2023.07.25"]
[EventType "swiss (blitz)"]
[EventRounds "11"]
[EventCountry "USA"]
[SourceTitle "EXT 2024"]
[Source "ChessBase"]
[SourceDate "2023.10.10"]
[SourceVersion "1"]
[SourceVersionDate "2023.10.10"]
[SourceQuality "1"]

1. e4 c5 2. Nf3 d6 3. d3 Nf6 4. c4 g6 5. Nc3 Bg7 6. Bg5 Nc6 7. Qd2 h6 8. Bxf6 Bxf6 9. Be2 Bg7 10. 0-0 0-0 11. h3 e5 12. Nd5 f5 13. Nh2 Nd4 14. Nf3 Nc6 15. Nh2 Be6 16. Rab1 a5 17. a3 a4 18. Nc3 h5 19. Bd1 Kh7 20. Bxa4 Bh6 21. Qd1 Nd4 22. Bc2 h4 23. f3 Be3+ 24. Kh1 Qg5 25. Nd5 Bxd5 26. cxd5 Qg3 27. Re1 Bf4 28. Nf1 Qg5 29. Bb3 Kg7 30. Ba2 b5 31. Ra1 Rfc8 32. Bb1 Qf6 33. b3 Bg3 34. Nxg3 hxg3 35. Qd2 Rh8 36. Bc2 Rh4 37. a4 b4 38. a5 Rah8 39. a6 Nxf3 40. Qe2 Nd4 41. Qd2 Rxh3+ 42. gxh3 Rxh3+ 43. Kg1 Qh4 44. Qg2 Rh2 45. Re2 Nxe2+ 46. Qxe2 Rxe2 0-1

[Event "Titled Tuesday intern op 04th Jul Early"]
[Site "Chess.com INT"]
[Date "2023.07.04"]
[Round "3"]
[White "Baliga, Zubin"]
[Black "Rodchenkov, Sergey D"]
[Result "0-1"]
[WhiteElo "1911"]
[BlackElo "2346"]
[PlyCount "80"]
[EventDate "2023.07.04"]
[EventType "swiss (blitz)"]
[EventRounds "11"]
[EventCountry "USA"]
[SourceTitle "EXT 2024"]
[Source "ChessBase"]
[SourceDate "2023.10.10"]
[SourceVersion "1"]
[SourceVersionDate "2023.10.10"]
[SourceQuality "1"]

1. e4 c5 2. Nf3 d6 3. Bb5+ Nd7 4. c3 Ngf6 5. Bd3 a6 6. 0-0 b5 7. Bc2 e6 8. d4 Be7 9. Re1 Bb7 10. Nbd2 0-0 11. a4 Rc8 12. Nf1 b4 13. Ng3 bxc3 14. bxc3 cxd4 15. cxd4 d5 16. e5 Ne4 17. Nxe4 dxe4 18. Bxe4 Bxe4 19. Rxe4 Nb6 20. Ba3 Bxa3 21. Rxa3 Nd5 22. Re1 Rc4 23. Qd3 Rc6 24. h4 h6 25. Rb3 Qa5 26. Ra1 Rfc8 27. Rbb1 Rc4 28. Nd2 Rc3 29. Qe4 Rc2 30. Nb3 Qc3 31. Nc5 Rd2 32. Qe1 Rxd4 33. Qxc3 Nxc3 34. Nb3 Rb4 35. Rb2 Rcb8 36. Ra3 Nxa4 37. Rd2 Nc3 38. Na5 Nb1 39. Nc6 Nxd2 40. Nxb8 Rxb8 0-1

[Event "Titled Tuesday intern op 04th Jul Early"]
[Site "Chess.com INT"]
[Date "2023.07.04"]
[Round "6"]
[White "Lin, Dachey"]
[Black "Rodchenkov, Sergey D"]
[Result "1-0"]
[WhiteElo "2303"]
[BlackElo "2346"]
[PlyCount "87"]
[EventDate "2023.07.04"]
[EventType "swiss (blitz)"]
[EventRounds "11"]
[EventCountry "USA"]
[SourceTitle "EXT 2024"]
[Source "ChessBase"]
[SourceDate "2023.10.10"]
[SourceVersion "1"]
[SourceVersionDate "2023.10.10"]
[SourceQuality "1"]

1. Nc3 c5 2. e4 d6 3. f4 g6 4. Nf3 Bg7 5. Bc4 Nc6 6. 0-0 e6 7. f5 exf5 8. d3 Nge7 9. Qe1 h6 10. Qh4 Be6 11. Be3 Nd4 12. Bxd4 cxd4 13. Nb5 Bxc4 14. dxc4 0-0 15. Rad1 g5 16. Qe1 fxe4 17. Qxe4 Nc6 18. Nbxd4 Qb6 19. b3 Rae8 20. Qd3 Ne5 21. Qd2 Nxf3+ 22. Rxf3 Re4 23. c3 Rfe8 24. Rf2 Be5 25. Nf5 Bf4 26. Qd4 Re1+ 27. Rxe1 Rxe1+ 28. Rf1 Qxd4+ 29. cxd4 Bxh2+ 30. Kf2 Rxf1+ 31. Kxf1 Kh7 32. g4 Kg6 33. Ne7+ Kg7 34. Kg2 Bf4 35. Kf3 Kf6 36. Ng8+ Kg7 37. Ne7 Kf6 38. Nd5+ Ke6 39. Nxf4+ gxf4 40. Kxf4 b6 41. b4 a5 42. c5 Kd5 43. cxb6 Kc6 44. bxa5 1-0

[Event "Titled Tuesday intern op 04th Jul Early"]
[Site "Chess.com INT"]
[Date "2023.07.04"]
[Round "8"]
[White "Rodchenkov, Sergey D"]
[Black "Hambleton, Aman"]
[Result "0-1"]
[WhiteElo "2346"]
[BlackElo "2420"]
[PlyCount "90"]
[EventDate "2023.07.04"]
[EventType "swiss (blitz)"]
[EventRounds "11"]
[EventCountry "USA"]
[SourceTitle "EXT 2024"]
[Source "ChessBase"]
[SourceDate "2023.10.10"]
[SourceVersion "1"]
[SourceVersionDate "2023.10.10"]
[SourceQuality "1"]

1. e4 c5 2. Nf3 e6 3. d4 cxd4 4. Nxd4 Nc6 5. Nc3 Qc7 6. a3 a6 7. Be3 b5 8. f4 Bb7 9. e5 Nxd4 10. Qxd4 Ne7 11. 0-0-0 Nf5 12. Qd3 Nxe3 13. Qxe3 Rc8 14. Bd3 Bxa3 15. Bxb5 axb5 16. Kb1 b4 17. Rd3 Ba6 18. bxa3 Bxd3 19. Qxd3 Qxc3 20. Qxc3 Rxc3 21. axb4 Rc4 22. Kb2 Rxb4+ 23. Kc3 Rb8 24. Ra1 Ke7 25. Kd3 Rhc8 26. c4 Rc6 27. Kd4 Rbc8 28. Ra4 d6 29. h4 dxe5+ 30. fxe5 Rd8+ 31. Ke4 Rc7 32. g4 h6 33. g5 hxg5 34. hxg5 Rd1 35. Ra8 Rxc4+ 36. Ke3 Rd5 37. Ra7+ Rd7 38. Ra5 Rg4 39. Kf3 Rxg5 40. Kf4 Rf5+ 41. Ke4 g6 42. Ra8 Rd5 43. Rg8 Rdxe5+ 44. Kd4 Rd5+ 45. Ke4 Rd8 0-1

[Event "Titled Tuesday intern op 04th Jul Early"]
[Site "Chess.com INT"]
[Date "2023.07.04"]
[Round "2"]
[White "Rodchenkov, Sergey D"]
[Black "Kaasen, Tor Fredrik"]
[Result "0-1"]
[WhiteElo "2346"]
[BlackElo "2496"]
[PlyCount "86"]
[EventDate "2023.07.04"]
[EventType "swiss (blitz)"]
[EventRounds "11"]
[EventCountry "USA"]
[SourceTitle "EXT 2024"]
[Source "ChessBase"]
[SourceDate "2023.10.10"]
[SourceVersion "1"]
[SourceVersionDate "2023.10.10"]
[SourceQuality "1"]

1. e4 c5 2. Nf3 e6 3. d4 cxd4 4. Nxd4 Nc6 5. Nc3 Qc7 6. a3 a6 7. f4 Nxd4 8. Qxd4 d6 9. g4 h6 10. h4 Nf6 11. Be2 e5 12. Qd1 exf4 13. Bxf4 Be6 14. Qd2 Nxg4 15. Bxg4 Bxg4 16. Nd5 Qd8 17. Rg1 h5 18. Bg5 f6 19. Be3 Rc8 20. Rxg4 hxg4 21. 0-0-0 Be7 22. Qg2 0-0 23. Qxg4 Rf7 24. Rg1 Bf8 25. h5 Rc4 26. Qf5 Qe8 27. h6 Qxe4 28. Qxe4 Rxe4 29. hxg7 Bxg7 30. Bh6 Re5 31. Nf4 Kh7 32. Bxg7 Rxg7 33. Rh1+ Kg8 34. Kd2 Rg4 35. Nd3 Rg2+ 36. Kc3 Ree2 37. Rh5 Rxc2+ 38. Kd4 Rgd2 39. Rh4 Rxb2 40. Rg4+ Kf7 41. Rh4 Rb3 42. Rh7+ Kg6 43. Ke4 Rbxd3 0-1

[Event "Titled Tuesday intern op 04th Jul Early"]
[Site "Chess.com INT"]
[Date "2023.07.04"]
[Round "5"]
[White "Rodchenkov, Sergey D"]
[Black "Rustemov, Alexander"]
[Result "1-0"]
[WhiteElo "2346"]
[BlackElo "2525"]
[PlyCount "171"]
[EventDate "2023.07.04"]
[EventType "swiss (blitz)"]
[EventRounds "11"]
[EventCountry "USA"]
[SourceTitle "EXT 2024"]
[Source "ChessBase"]
[SourceDate "2023.10.10"]
[SourceVersion "1"]
[SourceVersionDate "2023.10.10"]
[SourceQuality "1"]

1. e4 e6 2. d4 d5 3. Nc3 dxe4 4. Nxe4 Bd7 5. Nf3 Bc6 6. Bd3 Nd7 7. 0-0 Ngf6 8. Ng3 Be7 9. Qe2 Bxf3 10. Qxf3 c6 11. c3 0-0 12. Rd1 Re8 13. h4 Nd5 14. h5 Bg5 15. c4 Bxc1 16. cxd5 Bxb2 17. Rab1 Bxd4 18. dxc6 bxc6 19. Bxh7+ Kxh7 20. Rxd4 Re7 21. Rb7 f5 22. Qd1 Rc8 23. Rdxd7 Rxd7 24. Rxd7 Qf6 25. Rxa7 c5 26. Rd7 c4 27. Qc2 c3 28. Rd3 Qe5 29. Ne2 Rb8 30. Rxc3 Rb4 31. a3 Re4 32. Ng3 Re1+ 33. Kh2 Kh6 34. Rc4 Qa1 35. Qd2+ Kh7 36. Qg5 Qf6 37. Qxf6 gxf6 38. Rc7+ Kh6 39. Rf7 Kg5 40. h6 Kxh6 41. Rxf6+ Kg5 42. Rf8 f4 43. Nh1 e5 44. f3 Ra1 45. Nf2 Rxa3 46. Ne4+ Kg6 47. Re8 Ra5 48. Re6+ Kg7 49. Rc6 Kf7 50. Rc5 Ra4 51. Rxe5 Kg6 52. Re6+ Kf5 53. Rf6+ Ke5 54. Rg6 Ra2 55. Rg5+ Ke6 56. Rg4 Ke5 57. Rg5+ Ke6 58. Rh5 Rb2 59. Rh4 Ke5 60. Ng5 Kf5 61. Nh3 Ra2 62. Rxf4+ Ke5 63. Rg4 Kf5 64. Rg5+ Kf6 65. Kg3 Ke6 66. f4 Kf6 67. Kg4 Rxg2+ 68. Kf3 Ra2 69. Nf2 Ra3+ 70. Kg4 Ra4 71. Rb5 Rc4 72. Rb6+ Kf7 73. Kg5 Ra4 74. Ng4 Ra1 75. f5 Ra5 76. Rb7+ Kf8 77. Kg6 Ra6+ 78. Nf6 Ra7 79. Rb8+ Ke7 80. Ng4 Kd6 81. f6 Ke6 82. Re8+ Kd6 83. Re2 Ra4 84. Rg2 Ke6 85. f7 Ke7 86. Re2+ 1-0

[Event "Titled Tuesday intern op 27th Jun Early"]
[Site "Chess.com INT"]
[Date "2023.06.27"]
[Round "8"]
[White "Davidson, Kevin"]
[Black "Rodchenkov, Sergey D"]
[Result "1-0"]
[WhiteElo "2154"]
[BlackElo "2346"]
[PlyCount "82"]
[EventDate "2023.06.27"]
[EventType "swiss (blitz)"]
[EventRounds "11"]
[EventCountry "USA"]
[SourceTitle "EXT 2024"]
[Source "ChessBase"]
[SourceDate "2023.10.10"]
[SourceVersion "1"]
[SourceVersionDate "2023.10.10"]
[SourceQuality "1"]

1. e4 c5 2. Nf3 d6 3. d4 cxd4 4. Nxd4 Nf6 5. Nc3 a6 6. h3 e5 7. Nde2 h5 8. Bg5 Be6 9. Bxf6 Qxf6 10. Nd5 Qd8 11. Nec3 g6 12. Bc4 Nc6 13. 0-0 Bh6 14. Qd3 0-0 15. a4 Nd4 16. a5 Rc8 17. Ra4 Kh7 18. Rfa1 f5 19. Rb4 fxe4 20. Rxb7+ Rf7 21. Rxf7+ Bxf7 22. Nxe4 Kg7 23. c3 Rxc4 24. Qxc4 Qa8 25. cxd4 Bxd5 26. Qc7+ Kh8 27. Nf6 Bg7 28. Nxd5 Qxd5 29. dxe5 Bxe5 30. Qc8+ Kh7 31. Qxa6 Qd2 32. Qb7+ Kh6 33. a6 h4 34. a7 Qf4 35. a8Q Qh2+ 36. Kf1 Qf4 37. Qaa7 Qc4+ 38. Kg1 Qf4 39. Qh7+ Kg5 40. Qae7+ Bf6 41. Qe3 Be5 1-0

[Event "Titled Tuesday intern op 27th Jun Early"]
[Site "Chess.com INT"]
[Date "2023.06.27"]
[Round "11"]
[White "Dinu, Dumitru Daniel"]
[Black "Rodchenkov, Sergey D"]
[Result "0-1"]
[WhiteElo "2203"]
[BlackElo "2346"]
[PlyCount "78"]
[EventDate "2023.06.27"]
[EventType "swiss (blitz)"]
[EventRounds "11"]
[EventCountry "USA"]
[SourceTitle "EXT 2024"]
[Source "ChessBase"]
[SourceDate "2023.10.10"]
[SourceVersion "1"]
[SourceVersionDate "2023.10.10"]
[SourceQuality "1"]

1. e4 c5 2. Nf3 d6 3. Bb5+ Nd7 4. d4 cxd4 5. Qxd4 a6 6. Bxd7+ Bxd7 7. 0-0 Rc8 8. c4 e5 9. Qd3 b5 10. Na3 Qb6 11. Be3 Qb7 12. Rac1 Nf6 13. Nd2 h6 14. cxb5 Rxc1 15. Rxc1 axb5 16. f3 Be7 17. Qc2 0-0 18. Qc7 Qa8 19. Qa7 Qxa7 20. Bxa7 b4 21. Nab1 Ra8 22. Rc7 d5 23. Kf1 Kf8 24. Bc5 Bxc5 25. Rxc5 Rxa2 26. exd5 Rxb2 27. d6 Ne8 28. Rxe5 Nxd6 29. Rd5 Ke7 30. Rxd6 Bb5+ 31. Ke1 Kxd6 32. Kd1 Bd3 33. Kc1 Rc2+ 34. Kd1 Kd5 35. Ke1 Rc1+ 36. Kf2 Bxb1 37. Ke3 b3 38. Nxb3 Rc3+ 39. Kf4 Rxb3 0-1

[Event "Titled Tuesday intern op 27th Jun Early"]
[Site "Chess.com INT"]
[Date "2023.06.27"]
[Round "1"]
[White "Korobov, Anton"]
[Black "Rodchenkov, Sergey D"]
[Result "0-1"]
[WhiteElo "2661"]
[BlackElo "2346"]
[PlyCount "67"]
[EventDate "2023.06.27"]
[EventType "swiss (blitz)"]
[EventRounds "11"]
[EventCountry "USA"]
[SourceTitle "EXT 2024"]
[Source "ChessBase"]
[SourceDate "2023.10.10"]
[SourceVersion "1"]
[SourceVersionDate "2023.10.10"]
[SourceQuality "1"]

1. d4 d5 2. c4 dxc4 3. Nf3 Nf6 4. e3 e6 5. Bxc4 a6 6. 0-0 c5 7. Qe2 Nbd7 8. Rd1 b5 9. Bb3 Bb7 10. a4 c4 11. Bc2 Be7 12. e4 0-0 13. Nc3 b4 14. e5 Nd5 15. Ne4 Rc8 16. Neg5 g6 17. Qe4 h6 18. Nxe6 Qb6 19. Nxf8 Nxf8 20. Qg4 h5 21. Qg3 b3 22. Be4 c3 23. Bg5 cxb2 24. Rab1 Nc3 25. Bd3 Nxd1 26. Rxd1 Bxf3 27. gxf3 Bxg5 28. Qxg5 Qxd4 29. Kg2 Ne6 30. Qe7 Nf4+ 31. Kg3 Nxd3 32. e6 Qe5+ 33. Kg2 Nf4+ 34. Kh1 0-1

[Event "Titled Tuesday intern op 27th Jun Early"]
[Site "Chess.com INT"]
[Date "2023.06.27"]
[Round "10"]
[White "Rodchenkov, Sergey D"]
[Black "Barbot, Pierre"]
[Result "1-0"]
[WhiteElo "2346"]
[BlackElo "2458"]
[PlyCount "65"]
[EventDate "2023.06.27"]
[EventType "swiss (blitz)"]
[EventRounds "11"]
[EventCountry "USA"]
[SourceTitle "EXT 2024"]
[Source "ChessBase"]
[SourceDate "2023.10.10"]
[SourceVersion "1"]
[SourceVersionDate "2023.10.10"]
[SourceQuality "1"]

1. e4 c6 2. d4 d5 3. exd5 cxd5 4. Bd3 Nc6 5. c3 e6 6. Nf3 f6 7. c4 Nge7 8. 0-0 g5 9. Nc3 h5 10. cxd5 exd5 11. Nxg5 fxg5 12. Bxg5 Be6 13. Re1 Qd7 14. Bg6+ Nxg6 15. Qd3 Nge7 16. Qe3 Bf7 17. Qf4 a6 18. Na4 Rd8 19. Re2 Qd6 20. Qh4 Rg8 21. Rae1 Rd7 22. Nb6 Rc7 23. Bf4 Qd8 24. Bxc7 Qxc7 25. Na4 b6 26. Nc3 Qd6 27. f4 Kd8 28. f5 Kd7 29. Re6 Nxf5 30. Rxd6+ Kxd6 31. Qf6+ Kc7 32. Qxf5 Bd6 33. Qxf7+ 1-0

[Event "Titled Tuesday intern op 27th Jun Early"]
[Site "Chess.com INT"]
[Date "2023.06.27"]
[Round "9"]
[White "Rodchenkov, Sergey D"]
[Black "Hoffmann, Asa"]
[Result "0-1"]
[WhiteElo "2346"]
[BlackElo "2185"]
[PlyCount "72"]
[EventDate "2023.06.27"]
[EventType "swiss (blitz)"]
[EventRounds "11"]
[EventCountry "USA"]
[SourceTitle "EXT 2024"]
[Source "ChessBase"]
[SourceDate "2023.10.10"]
[SourceVersion "1"]
[SourceVersionDate "2023.10.10"]
[SourceQuality "1"]

1. e4 d6 2. d4 Nf6 3. Nc3 c6 4. f4 Qa5 5. Bd3 e5 6. Nge2 Bg4 7. Be3 Nbd7 8. 0-0 Be7 9. h3 Bxe2 10. Nxe2 0-0 11. c3 Qc7 12. Ng3 Rfe8 13. Qf3 Bf8 14. Rae1 b5 15. h4 g6 16. h5 Bg7 17. f5 gxh5 18. Nxh5 Nxh5 19. Qxh5 Nf6 20. Qh4 Kh8 21. Bg5 Ng8 22. f6 Bf8 23. Rf3 h6 24. Rh3 Qd7 25. d5 a6 26. Kf2 cxd5 27. exd5 e4 28. Bxe4 Re5 29. Bxh6 Bxh6 30. Qxh6+ Nxh6 31. Rxh6+ Kg8 32. Reh1 Rf5+ 33. Kg1 Qa7+ 34. Kh2 Qe3 35. Bxf5 Qxh6+ 36. Kg1 Qxf6 0-1

[Event "Titled Tuesday intern op 27th Jun Early"]
[Site "Chess.com INT"]
[Date "2023.06.27"]
[Round "4"]
[White "Rodchenkov, Sergey D"]
[Black "Melikhov, Evgeny V"]
[Result "1-0"]
[WhiteElo "2346"]
[BlackElo "2271"]
[PlyCount "89"]
[EventDate "2023.06.27"]
[EventType "swiss (blitz)"]
[EventRounds "11"]
[EventCountry "USA"]
[SourceTitle "EXT 2024"]
[Source "ChessBase"]
[SourceDate "2023.10.10"]
[SourceVersion "1"]
[SourceVersionDate "2023.10.10"]
[SourceQuality "1"]

1. e4 e5 2. Nf3 Nc6 3. Bc4 Nf6 4. Ng5 d5 5. exd5 Na5 6. Bb5+ c6 7. dxc6 bxc6 8. Bd3 Ng4 9. Ne4 f5 10. Be2 fxe4 11. Bxg4 Qh4 12. Bxc8 Rxc8 13. Nc3 Bc5 14. Qe2 0-0 15. Nxe4 Bb6 16. d3 Nb7 17. Be3 Qe7 18. 0-0-0 Qb4 19. a3 Qa5 20. d4 Rb8 21. dxe5 Qxe5 22. Bxb6 axb6 23. Rhe1 c5 24. g3 Rbe8 25. f4 Qe6 26. Qg2 Qc4 27. Nd2 Qa6 28. Qd5+ Kh8 29. Ne4 Na5 30. Ng5 h6 31. Nf7+ Kh7 32. Ne5 b5 33. Qe4+ Kh8 34. Ng6+ Kg8 35. Qd5+ Kh7 36. Nxf8+ Rxf8 37. Re6 Qa7 38. Qe4+ Kh8 39. Re8 Rxe8 40. Qxe8+ Kh7 41. Qe4+ Kg8 42. Rd8+ Kf7 43. Qf5+ Ke7 44. Qf8+ Ke6 45. Rd6# 1-0